Normal view
MARC view
Entry Uniform Title
001 - CONTROL NUMBER
- control field: 50118
003 - CONTROL NUMBER IDENTIFIER
- control field: dpl
005 - DATE AND TIME OF LATEST TRANSACTION
- control field: 20120712143920.0
008 - FIXED-LENGTH DATA ELEMENTS
- fixed length control field: 120712|||a|||||| | ||| d
040 ## - CATALOGING SOURCE
- Original cataloging agency: dpl
- Transcribing agency: dpl
130 ## - HEADING--UNIFORM TITLE
- Uniform title: Puffin classics
670 ## - SOURCE DATA FOUND
- Source citation: Work cat.: (dpl)64200: Tagore, Rabindranath 50117, Boyhood days /, 2007
670 ## - SOURCE DATA FOUND
- Source citation: Work cat.: (dpl)64200: Tagore, Rabindranath 50117, Boyhood days /, 2007
